| 000 | 01086cam a2200289 a 4500 | ||
|---|---|---|---|
| 001 | 14194291 | ||
| 005 | 20220721122459.0 | ||
| 008 | 051209r20051967nju b 000 0 eng | ||
| 010 | _a 2005284467 | ||
| 020 | _a1584775785 (pbk.) | ||
| 040 |
_aDLC _cDLC _dDLC |
||
| 041 | 1 |
_aeng _hger |
|
| 050 | 0 | 0 |
_aK339 _b.K4413 2005 |
| 082 |
_a340.1 _bKEL |
||
| 100 | 1 |
_aKelsen, Hans, _d1881-1973. _994342 |
|
| 240 | 1 | 0 |
_aReine Rechtslehre. _lEnglish |
| 245 | 1 | 0 |
_aPure theory of law / _cby Hans Kelsen ; translation from the second (revised and enlarged) German edition by Max Knight. |
| 260 |
_aCalifornia : _bthe University of California, _c1967-2001. |
||
| 300 |
_ax, 356 p. _c23 cm. |
||
| 500 | _aOriginally published: Berkeley : University of California Press, 1967. | ||
| 500 | _a"Published by arrangement with Hans-Kelsen Institut"--T.p. verso. | ||
| 504 | _aIncludes bibliographical references. | ||
| 650 | 0 |
_aLaw _xPhilosophy. _935308 |
|
| 906 |
_a7 _bcbc _corigcop _d2 _encip _f20 _gy-gencatlg |
||
| 942 |
_2ddc _cBK |
||
| 999 |
_c590468 _d590468 |
||